Normal view
MARC view
Entry Nombre personal
001 - NÚMERO DE CONTROL
- campo de control: 234369
003 - IDENTIFICADOR DE NÚMERO DE CONTROL
- campo de control: SpMaBN
005 - FECHA Y HORA DE LA ÚLTIMA TRANSACCIÓN
- campo de control: 20231020193623.0
008 - ELEMENTOS DE DATO DE LONGITUD-FIJA
- campo de control de longitud fija: 081216n|#azznnaabn |n aac ##
040 ## - FUENTE DE CATALOGACIÓN
- Centro catalogador/agencia de origen: SpMaBN
- Lengua de catalogación: spa
- Centro/agencia transcriptor: SpMaBN
- Normas de descripción: rdc
- Convención/Normas de encabezamiento de materia/tesauro: embne
100 1# - ENCABEZAMIENTO-NOMBRE DE PERSONA
- Nombre de persona: Ansón, Alejandra
375 ## - GÉNERO/SEXO
- Género: Femenino
670 ## - FUENTE DE DATOS ENCONTRADOS
- Cita de la fuente: Restaurantes y algo más en la Comunidad de Madrid, [2008]
- Información encontrada: $<tp> (textos, Miguel Ángel Rincón ; prólogo, Rafael Ansón ; coordinación, Alejandra Ansón y Teresa Garaizábal)
